Statistics for German Verbs (very long)

Click here to take the quiz!

General Stats

  • This quiz has been taken 923 times
    (919 since last reset)
  • The average score is 50 of 100

Answer Stats

HintAnswer% Correct
singensing
100%
schwimmenswim
100%
machendo, make
98%
sprechenspeak
92%
esseneat
92%
sehensee
91%
trinkendrink
87%
gebengive
87%
sagensay
87%
findenfind
87%
fliegenfly
85%
kaufenbuy
85%
springenjump
84%
verstehenunderstand
84%
nehmentake
81%
habenhave
80%
denkenthink
78%
fallenfall
76%
lesenread
76%
fragenask
74%
kostencost
73%
trainierentrain, exercise
73%
glaubenbelieve
73%
öffnenopen
72%
wollenwant
70%
suchenlook for
70%
fahrendrive
70%
mögenlike
69%
hoffenhope
67%
vergessenforget
66%
träumendream
66%
landenland
66%
sterbendie
64%
rauchensmoke
63%
reisentravel
63%
duschenshower
62%
kämpfenfight
62%
bauenbuild
61%
tötenkill
58%
folgenfollow
58%
nutzenuse
57%
einladeninvite
56%
ankommenarrive
53%
weinencry
52%
sammelncollect
52%
werdenbecome
52%
bekommenreceive, get
52%
brechenbreak
50%
feierncelebrate
47%
leckenlick
47%
könnento be able to
44%
segelnsail
43%
dürfenmay, be allowed
43%
kletternscramble up
42%
schießenshoot
42%
verbessernimprove
41%
buchstabierenspell
40%
fliehenflee
39%
speichernsave (data)
38%
vorstellenintroduce, imagine
37%
verwirklichenactualize, realize
35%
bügelniron
35%
kauenchew
34%
grabendig
34%
umarmenhug
34%
tauchendive
33%
vermeidenavoid
33%
betenpray
32%
löschenerase, delete
32%
rettenrescue
31%
hebenlift
31%
streitenargue
31%
pfeifenwhistle
31%
bewaffnenarm
30%
fortsetzencontinue
28%
ertrinkendrown
28%
abgebenturn in, give up (not in terms of surrender)
28%
anmeldenregister, log in, log on, subscribe
27%
überquerencross
26%
schluckenswallow
26%
angreifenattack
26%
spendendonate
26%
ärgernanger
25%
fallenlassen (fallen lassen)drop
25%
ausziehentake off
25%
zugebenadmit
24%
abmeldenderegister, log off, log out, unsubscribe
24%
anziehenput on, move in
23%
niesensneeze
22%
annehmenaccept
22%
herausfordernchallenge
20%
entkommenescape
19%
faltenfold
19%
erkältencatch a cold
18%
beklagencomplain
18%
aufeinanderprallencollide, smash into each other, clash
17%
absagenrefuse, decline
16%
gießenpour
16%
forderndemand
15%
verwöhnenspoil
13%

Score Distribution

Percentile by Number Answered

Percent of People with Each Score

Your Score History

You have not taken this quiz since the last reset